• 首页
  • 本馆介绍
  • 公告通知
  • 最新文献
  • 馆藏检索
  • 电子资源
  • 读者导购
  • 参考咨询
  • 我的图书馆
  • 登录
  • 详细信息显示
  • 放入我的书架
  • 预约/预借图书
  • 作者相关作品
  • 分类相关作品
  • 丛书相关作品
  • 出版社相关作品

书目信息

  • 表格格式
  • 工作单格式
  • 卡片格式
题名:
MATLAB 7.X 程序设计语言
    
 
作者: 楼顺天 , 姚若玉 , 沈俊霞 编著
分册:  
出版信息: 西安   西安电子科技大学出版社  2021.1
页数: 347页
开本: 26cm
丛书名:
单 册:
中图分类: TP391.75
科图分类:
主题词: 计算机辅助计算--ji suan ji fu zhu ji suan--软件包
电子资源:
ISBN: 978-7-5606-1863-0
000 01019nam0 2200289 45
001 012001000218
005 20211012142457.98
010    @a978-7-5606-1863-0@dCNY54.00
100    @a20070922d2007 km y0chiy0120 ea
101 0  @achi
102    @aCN@b610000
105    @aa a 000yy
106    @ar
200 1  @aMATLAB 7.X 程序设计语言@AMATLAB 7.X cheng xu she ji yu yan@f楼顺天,姚若玉,沈俊霞编著
205    @a第2版
210    @a西安@c西安电子科技大学出版社@d2021.1
215    @a347页@c图@d26cm
300    @a普通高等教育“十一五”国家级规划教材。
320    @a有书目 (第347页)。
330    @a本书简明扼要地介绍了MATLAB的系统概述、基本操作和图形系统,让读者轻松地入门,并详细地叙述了MATLAB在基本应用领域中的应用设计。
606 0  @a计算机辅助计算@Aji suan ji fu zhu ji suan@x软件包
690    @aTP391.75@v4
701  0 @a楼顺天@Alou shun tian@4编著
701  0 @a姚若玉@Ayao ruo yu@4编著
701  0 @a沈俊霞@Ashen jun xia@4编著
801  0 @aCN@bBJSDL@c20211011
905    @b1330840-3@dTP391.75@e2132=2@f4
    
    MATLAB 7.X 程序设计语言/楼顺天,姚若玉,沈俊霞编著.-第2版.-西安:西安电子科技大学出版社,2021.1
    347页:图;26cm
    普通高等教育“十一五”国家级规划教材。
    
    ISBN 978-7-5606-1863-0:CNY54.00
    本书简明扼要地介绍了MATLAB的系统概述、基本操作和图形系统,让读者轻松地入门,并详细地叙述了MATLAB在基本应用领域中的应用设计。
●
相关链接 在E读中查询图书 在五车中查询图书 在当当中查询图书 在豆瓣中查询图书


正题名:MATLAB 7.X 程序设计语言     索取号:TP391.75/2132=2         预约/预借

序号 登录号 条形码 馆藏地/架位号 状态 备注
1 1330840   213308400   第二样本阅览室/ [索取号:TP391.75/2132=2] 在馆    
2 1330841   213308419   第三借阅区/ [索取号:TP391.75/2132=2] 在馆    
3 1330842   213308428   第三借阅区/ [索取号:TP391.75/2132=2] 在馆    
4 1330843   213308437   第三借阅区/ [索取号:TP391.75/2132=2] 在馆    
唐山师范学院图书馆 欢迎您!
大连网信软件有限公司© 版权所有